[Event "EU Union-ch U10"]
[Site "Kouty nad Desnou"]
[Date "2023.08.20"]
[Round "5"]
[White "Kozusnik, Jan"]
[Black "Alejunaite, Milda"]
[Result "1-0"]
[WhiteElo "1427"]
[BlackElo "1143"]
[PlyCount "121"]
[EventDate "2023.08.16"]
[EventType "swiss"]
[EventRounds "9"]
[EventCountry "CZE"]
[SourceTitle "EXT 2024"]
[Source "ChessBase"]
[SourceDate "2023.10.10"]
[SourceVersion "1"]
[SourceVersionDate "2023.10.10"]
[SourceQuality "1"]

1. e4 e5 2. Nf3 Nc6 3. d4 exd4 4. Bc4 Nf6 5. e5 d5 6. Bb5 Bb4+ 7. c3 dxc3 8. bxc3 Qe7 9. Bxc6+ bxc6 10. cxb4 Qxb4+ 11. Bd2 Qe7 12. Qe2 Ne4 13. Nc3 Nc5 14. Be3 Ba6 15. Qc2 Nd3+ 16. Kd2 d4 17. Nxd4 c5 18. Qa4+ Kf8 19. Qxa6 Nb4 20. Qc4 Rd8 21. Kc1 cxd4 22. Bxd4 Kg8 23. f4 c5 24. Be3 Qb7 25. Rd1 Rxd1+ 26. Kxd1 Qxg2 27. Qe4 Qg4+ 28. Kd2 h5 29. Bxc5 Na6 30. Bxa7 Qd7+ 31. Bd4 g6 32. Kc2 Nb4+ 33. Kd2 Kh7 34. a3 Nc6 35. Ne2 Rd8 36. a4 Nxd4 37. Nxd4 Qxd4+ 38. Qxd4 Rxd4+ 39. Ke3 Rd8 40. a5 Kg7 41. a6 Kf8 42. a7 Ra8 43. Kd4 Ke7 44. Kc5 Ke6 45. Kb6 Kf5 46. Ra4 Kg4 47. Kb7 Rxa7+ 48. Kxa7 g5 49. fxg5+ Kxg5 50. Kb6 Kf5 51. Kc5 Kxe5 52. Rd4 Kf5 53. Kc4 Kg5 54. Kd3 f5 55. h4+ Kf6 56. Ke3 Ke5 57. Ra4 Kf6 58. Kf4 Kg6 59. Ra5 Kh6 60. Kxf5 Kh7 61. Kf6 1-0

[Event "EU Union-ch U10"]
[Site "Kouty nad Desnou"]
[Date "2023.08.19"]
[Round "4"]
[White "Paunescu, Aida"]
[Black "Kozusnik, Jan"]
[Result "1/2-1/2"]
[WhiteElo "1147"]
[BlackElo "1427"]
[PlyCount "67"]
[EventDate "2023.08.16"]
[EventType "swiss"]
[EventRounds "9"]
[EventCountry "CZE"]
[SourceTitle "EXT 2024"]
[Source "ChessBase"]
[SourceDate "2023.10.10"]
[SourceVersion "1"]
[SourceVersionDate "2023.10.10"]
[SourceQuality "1"]

1. e4 c5 2. Nf3 Nc6 3. d4 cxd4 4. Nxd4 Nf6 5. Nc3 e6 6. Be2 Bb4 7. Qd3 d5 8. Nxc6 bxc6 9. exd5 Nxd5 10. Bd2 Nxc3 11. Bxc3 Qxd3 12. cxd3 Rb8 13. Bxb4 Rxb4 14. b3 Bb7 15. Bf3 Rd4 16. Ke2 Kd7 17. Rac1 Kc7 18. Rc4 Rhd8 19. Rxd4 Rxd4 20. Rc1 Rd6 21. Ke3 e5 22. Be4 g6 23. g4 Bc8 24. h3 Bd7 25. b4 Kb6 26. a3 f6 27. Rc5 Be8 28. f4 exf4+ 29. Kxf4 Re6 30. h4 Re7 31. a4 Rb7 32. d4 Rc7 33. Kf3 a6 34. Ke3 1/2-1/2